Centennial stamp exhibition commemorating issuance of first French postage stamp, (Record no. 2117)

000 -LEADER
fixed length control field 00569nam a22001335 4500
008 - FIXED-LENGTH DATA ELEMENTS--GENERAL INFORMATION
fixed length control field 841220s1949 pauac c 000 0 eng d
100 ## - MAIN ENTRY--AUTHOR'S NAME
Author's Name National Philatelic Museum
245 00 - TITLE STATEMENT
Title Centennial stamp exhibition commemorating issuance of first French postage stamp,
Remainder of title January 16th to February 13th, incl. 1949 ... Philatelic Institute, Temple University.
260 ## - PUBLICATION, DISTRIBUTION, ETC. (IMPRINT)
Place of publication, distribution, etc. [Philadelphia,
Name of publisher, distributor, etc. Philatelic Museum,
Date of publication, distribution, etc. 1949]
500 ## - GENERAL NOTE
General note Illustrated cover-title: ... French centenary exhibit.
650 #0 - TOPICAL TERM (Tag)
Topical term or geographic name Postage stamps
650 #0 - TOPICAL TERM (Tag)
Topical term or geographic name Postage stamps
Geographic subdivision France
Holdings
Withdrawn status Lost status Source of classification or shelving scheme Damaged status Koha normalized classification for sorting Not for loan Collection code Permanent Location Current Location Shelving location Date acquired Total Checkouts Full call number Barcode Date last seen Price effective from Koha item type
        P3200 A11 N27774     Northern Philatelic Library Northern Philatelic Library Bound Periodicals 11/19/2016   P3200 A11 N27774 1002455 11/19/2016 11/19/2016 Periodicals

Powered by Koha